000 00758nam a22001937a 4500
999 _c15769
_d15769
003 AR-CdUCM
008 190226b ||||| |||| 00| 0 spa d
040 _aMUNICIPALIDAD PROVINCIAL DEL CUSCO
_cBIBLIOTECA MUNICIPAL DEL CUSCO
082 _a301.75 /
_bH44
100 _aHerskovits, Melville J.
_95133
245 _aEl hombre y sus obras :
_cLa ciencia de la antropología cultural :
260 _aMexico :
_bFondo de Cultura Económica ,
_c1952.
300 _a782 páginas :
_c24 cm.
505 _aContenido : La antropología, la ciencia del hombre -- La naturaleza de la cultura -- La realidad de la cultura ...
650 _aAntropologia Cultural.
_95134
650 _aCultura (Antropologia).
_95135
942 _2ddc
_cLIBROS
945 _arah
_d29/04/2019